Dance hall of the dead. (Record no. 885)

MARC details
000 -LEADER
fixed length control field 01164cam a2200361 4500
005 - DATE AND TIME OF LATEST TRANSACTION
control field 20260322212038.0
008 - FIXED-LENGTH DATA ELEMENTS--GENERAL INFORMATION
fixed length control field data
010 ## - LIBRARY OF CONGRESS CONTROL NUMBER
LC control number 73004150
020 ## - INTERNATIONAL STANDARD BOOK NUMBER
International Standard Book Number 0060118989
020 ## - INTERNATIONAL STANDARD BOOK NUMBER
International Standard Book Number 9780060118983
040 ## - CATALOGING SOURCE
Original cataloging agency DLC
Transcribing agency DLC
Modifying agency OCoLC
-- OCoLC
043 ## - GEOGRAPHIC AREA CODE
Geographic area code n-ust--
050 00 - LIBRARY OF CONGRESS CALL NUMBER
Classification number PS3558.I45
Item number Dan
Classification number PS3558.I45
082 00 - DEWEY DECIMAL CLASSIFICATION NUMBER
Classification number 813/.5/4
001 - CONTROL NUMBER
control field data
100 1# - MAIN ENTRY--PERSONAL NAME
Personal name Hillerman, Tony.
245 10 - TITLE STATEMENT
Title Dance hall of the dead.
Statement of responsibility, etc. Tony Hillerman.
250 ## - EDITION STATEMENT
Edition statement [1st ed.]
260 ## - PUBLICATION, DISTRIBUTION, ETC.
Place of publication, distribution, etc. New York,
Name of publisher, distributor, etc. Harper & Row
Date of publication, distribution, etc. [1973]
300 ## - PHYSICAL DESCRIPTION
Extent 166 p.
Dimensions 21 cm.
350 ## - PRICE (NR) (BK AM CF MU VM SE) [OBSOLETE]
Price {dollar}5.95
500 ## - GENERAL NOTE
General note "A Joan Kahn-Harper novel of suspense."
650 #0 - SUBJECT ADDED ENTRY--TOPICAL TERM
Topical term or geographic name entry element Leaphorn, Joe, Lt. (Fictitious character)
General subdivision Fiction.
650 #0 - SUBJECT ADDED ENTRY--TOPICAL TERM
Topical term or geographic name entry element Chee, Jim (Fictitious character)
General subdivision Fiction.
650 #0 - SUBJECT ADDED ENTRY--TOPICAL TERM
Topical term or geographic name entry element Police
Geographic subdivision Southwestern States
General subdivision Fiction.
650 #0 - SUBJECT ADDED ENTRY--TOPICAL TERM
Topical term or geographic name entry element Indian reservation police
Form subdivision Fiction.
650 #0 - SUBJECT ADDED ENTRY--TOPICAL TERM
Topical term or geographic name entry element Navajo Indians
General subdivision Fiction.
651 #0 - SUBJECT ADDED ENTRY--GEOGRAPHIC NAME
Geographic name Southwestern States
General subdivision Fiction.
655 #7 - INDEX TERM--GENRE/FORM
Genre/form data or focus term Detective and mystery stories.
Source of term gsafd
906 ## - LOCAL DATA ELEMENT F, LDF (RLIN)
a 7
b cbc
c orignew
d 1
e ocip
f 19
g y-gencatlg
991 ## -
-- c-GenColl
-- PZ4.H65
-- Dan
-- Copy 1
-- BOOKS
991 ## -
-- c-GenColl
-- PZ4.H65
-- Dan
-- 00000750244
-- Copy 2
-- CCF
Holdings
Withdrawn status Lost status Damaged status Not for loan Home library Current library Shelving location Date acquired Total checkouts Full call number Barcode Date last seen Price effective from Koha item type
        Fairview Fairview General stacks 22/03/2026   813/.5/4 BC0010912 22/03/2026 22/03/2026 Books